UM Logo

Trends in broadcast journalism/ (Record no. 14424)

MARC details
000 -LEADER
fixed length control field 00581nam a2200181 4500
005 - DATE AND TIME OF LATEST TRANSACTION
control field 20241019062519.0
008 - FIXED-LENGTH DATA ELEMENTS--GENERAL INFORMATION
fixed length control field 190919b ||||| |||| 00| 0 eng d
020 ## - INTERNATIONAL STANDARD BOOK NUMBER
International Standard Book Number 978-1-77361-348-2
082 ## - DEWEY DECIMAL CLASSIFICATION NUMBER
Edition number 2019
Classification number DC 070.4
Item number M366
100 ## - MAIN ENTRY--PERSONAL NAME
Personal name Martinez, Sandra M.
9 (RLIN) 39787
245 ## - TITLE STATEMENT
Title Trends in broadcast journalism/
Statement of responsibility, etc. Sandra M. Martinez.
260 ## - PUBLICATION, DISTRIBUTION, ETC. (IMPRINT)
Place of publication, distribution, etc. Canada:
Name of publisher, distributor, etc. Society Publishing,
Date of publication, distribution, etc. ©2019.
300 ## - PHYSICAL DESCRIPTION
Extent xii, 182 pages:
Other physical details color illustrations;
Dimensions 23 cm
500 ## - GENERAL NOTE
General note Includes references and index.
650 #0 - SUBJECT ADDED ENTRY--TOPICAL TERM
Topical term or geographic name as entry element Broadcast journalism.
9 (RLIN) 39788
365 ## - TRADE PRICE
Price amount 5,675.00
Currency code Php
942 ## - ADDED ENTRY ELEMENTS (KOHA)
Source of classification or shelving scheme Dewey Decimal Classification
Koha item type Circulation
Holdings
Withdrawn status Lost status Source of classification or shelving scheme Damaged status Not for loan Collection code Home library Current library Date acquired Source of acquisition Cost, normal purchase price Total Checkouts Full call number Barcode Date last seen Copy number Price effective from Koha item type
    Dewey Decimal Classification     Circulation UM Digos College - LIC UM Digos College - LIC 08/08/2019 Purchased 5675.00   DC 070.4 M366 2019 25519 05/15/2025 1 09/19/2019 Circulation